Entre la espada y el espejo / (Registro nro. 7421)

Detalles MARC
000 -LEADER
fixed length control field 00763nam a2200265 u 4500
001 - CONTROL NUMBER
control field 000020481
003 - CONTROL NUMBER IDENTIFIER
control field DO-SdBNP
005 - DATE AND TIME OF LATEST TRANSACTION
control field 20150217103028.0
007 - PHYSICAL DESCRIPTION FIXED FIELD--GENERAL INFORMATION
fixed length control field 000020481
008 - FIXED-LENGTH DATA ELEMENTS--GENERAL INFORMATION
fixed length control field 100809s1986 dr r 000 p spa d
040 ## - CATALOGING SOURCE
Original cataloging agency BPMET
Language of cataloging spa
Transcribing agency BPPMET
092 ## - LOCALLY ASSIGNED DEWEY CALL NUMBER (OCLC)
Classification number RD861.44
Item number C355e
100 1# - MAIN ENTRY--PERSONAL NAME
Personal name Castro, Tomás,
Dates associated with a name 1959-
245 10 - TITLE STATEMENT
Title Entre la espada y el espejo /
Statement of responsibility, etc. Tomás Castro.
260 ## - PUBLICATION, DISTRIBUTION, ETC. (IMPRINT)
Place of publication, distribution, etc. Santo Domingo :
Name of publisher, distributor, etc. Biblioteca Nacional ,
Date of publication, distribution, etc. 1986.
300 ## - PHYSICAL DESCRIPTION
Extent 88 p. :
Other physical details il. ;
Dimensions 21 cm.
490 1# - SERIES STATEMENT
Series statement Orfeo
586 ## - AWARDS NOTE
Awards note Premio Biblioteca Nacional, 1986
650 #4 - SUBJECT ADDED ENTRY--TOPICAL TERM
Topical term or geographic name as entry element POESÍA DOMINICANA
650 #4 - SUBJECT ADDED ENTRY--TOPICAL TERM
Topical term or geographic name as entry element LITERATURA DOMINICANA
830 #0 - SERIES ADDED ENTRY--UNIFORM TITLE
Uniform title Orfeo
942 ## - ADDED ENTRY ELEMENTS (KOHA)
Source of classification or shelving scheme Dewey Decimal Classification
Koha item type Libros
956 ## - LOCAL ELECTRONIC LOCATION AND ACCESS (OCLC)
Host name KLANTIGUA
Access number 10
Compression information 20100809
Logon BND01
Processor of request 1137
956 ## - LOCAL ELECTRONIC LOCATION AND ACCESS (OCLC)
Host name MGARCIA
Access number 10
Compression information 20100809
Logon BND01
Processor of request 1448

No hay ítems disponibles.